| 000 | 00576nam a2200241Ia 4500 | ||
|---|---|---|---|
| 005 | 20250425162742.0 | ||
| 008 | 250425s9999 xx 000 0 und d | ||
| 020 | _a9780692221877 | ||
| 041 | _aeng | ||
| 043 | _aalu | ||
| 082 | _a543.3 | ||
| 100 | _aBOYD, O.W. | ||
| 245 | 0 | _aHANDBOOK FOR AQUACULTURE WATER QUALITY | |
| 250 | _aS.E. | ||
| 260 | _aBIRMINGHAM | ||
| 260 |
_aEstados Unidos _bCRAFTMASTER PRINTERS _c2004 |
||
| 300 | _a439 | ||
| 650 | _aACUICULTURA | ||
| 650 | _aCALIDAD DEL AGUA | ||
| 700 | _aTUCKER, CRAIG S. | ||
| 942 | _c01 | ||
| 010 | _a104887 | ||
| 999 |
_c235695 _d235695 |
||